Thuyết trình chuyên nghiệp trong kinh doanh/

Salvato in:
Dettagli Bibliografici
Autore principale: Murray, Angela
Natura: Libro
Lingua:Vietnamese
Pubblicazione: TN 2002
Tags: Aggiungi Tag
Nessun Tag, puoi essere il primo ad aggiungerne! !
Thư viện lưu trữ: Mạng thư viện Đại học Đà Nẵng
LEADER 00643nam a2200265 4500
001 000027828
003 MU-A
005 20150403120000.0
008 150403s vm 000 vie
020 |c 0,0000 
040 |a notts 
100 |a Murray, Angela 
245 |a Thuyết trình chuyên nghiệp trong kinh doanh/  |c Angela Murray ; Nhân Văn biên dịch. 
260 |b TN  |c 2002 
OWN |a LTT 
999 |a From the UDN01 
TYP |a Monograph 
TYP |a Printed language 
980 |a Mạng thư viện Đại học Đà Nẵng